000 00289nam a22001337a 4500
008 170522b xxu||||| |||| 00| 0 eng d
020 _a9780195116199
041 _aeng
080 _a94
100 _a16
101 _aSHH
245 _aA HISTORY OUR TIME
_cCHAFE.W.H
942 _2udc
_cBK
999 _c13711
_d13711